[Event "Corus reserve op"]
[Site "Wijk aan Zee"]
[Date "2001.01.26"]
[Round "9"]
[White "Breedveld, Andre"]
[Black "Dalsberg, Soeren Haahr"]
[Result "0-1"]
[WhiteElo "2119"]
[BlackElo "2138"]
[PlyCount "70"]
[EventDate "2001.01.13"]
[EventType "swiss"]
[EventRounds "9"]
[EventCountry "NED"]
[SourceTitle "CBM 080 Extra"]
[Source "ChessBase"]
[SourceDate "2001.03.08"]
[SourceVersion "1"]
[SourceVersionDate "2001.03.08"]
[SourceQuality "1"]

1. d4 d5 2. c4 c6 3. Nc3 Nf6 4. e3 e6 5. Nf3 Bd6 6. Ne5 Nbd7 7. f4 0-0 8. c5 Bc7 9. Bd3 Nxe5 10. fxe5 Nd7 11. Qh5 f5 12. exf6 Nxf6 13. Qh4 e5 14. dxe5 Bxe5 15. 0-0 Be6 16. Bd2 Qe8 17. Rxf6 Rxf6 18. Qxh7+ Kf8 19. Qh8+ Ke7 20. Qxg7+ Qf7 21. Qg5 Bc7 22. Rf1 Rg8 23. Qxf6+ Qxf6 24. Rxf6 Kxf6 25. Ne2 Bf5 26. Bxf5 Kxf5 27. Nc3 Be5 28. h3 d4 29. e4+ Ke6 30. Nd1 Bg3 31. Nf2 Bxf2+ 32. Kxf2 Ke5 33. Kf3 Rf8+ 34. Kg4 Kxe4 35. h4 Rf2 0-1

[Event "Wichern op 5th"]
[Site "Hamburg"]
[Date "1999.10.21"]
[Round "8.85"]
[White "Dalsberg, Soeren Haahr"]
[Black "Lange, Siegfried"]
[Result "1/2-1/2"]
[WhiteElo "1791"]
[BlackElo "2110"]
[PlyCount "80"]
[EventDate "1999.10.15"]
[EventType "swiss"]
[EventRounds "9"]
[EventCountry "GER"]
[SourceTitle "EXT 2001"]
[Source "ChessBase"]
[SourceDate "2000.11.22"]
[SourceVersion "1"]
[SourceVersionDate "2000.11.22"]
[SourceQuality "1"]

1. Nf3 f5 2. c4 Nf6 3. g3 e6 4. Bg2 d5 5. 0-0 Bd6 6. b3 Qe7 7. Nc3 c6 8. d4 Nbd7 9. Bf4 Bxf4 10. gxf4 0-0 11. c5 Ne4 12. Qc1 Kh8 13. b4 Ndf6 14. a4 Bd7 15. Rb1 a6 16. Rb3 g6 17. Ne5 Rg8 18. Nb1 Nh5 19. Rh3 Nef6 20. a5 Rg7 21. Kh1 Rag8 22. Bf3 Be8 23. Bxh5 gxh5 24. Nd2 Ng4 25. Ndf3 Qf6 26. Qe1 Nxe5 27. dxe5 Qd8 28. Ng5 Qe7 29. Rg1 h6 30. Nf3 Rg4 31. e3 Qg7 32. Qf1 Kh7 33. Rhg3 Qe7 34. h3 Rxg3 35. Rxg3 Rxg3 36. fxg3 Qg7 37. Kh2 Qg6 38. Qg2 Qg7 39. Nd4 Bf7 40. Qf3 Qg6 1/2-1/2

[Event "Wichern op 5th"]
[Site "Hamburg"]
[Date "1999.10.18"]
[Round "5.89"]
[White "Klimenko, Veronica"]
[Black "Dalsberg, Soeren Haahr"]
[Result "1/2-1/2"]
[WhiteElo "2100"]
[BlackElo "1791"]
[PlyCount "123"]
[EventDate "1999.10.15"]
[EventType "swiss"]
[EventRounds "9"]
[EventCountry "GER"]
[SourceTitle "EXT 2001"]
[Source "ChessBase"]
[SourceDate "2000.11.22"]
[SourceVersion "1"]
[SourceVersionDate "2000.11.22"]
[SourceQuality "1"]

1. e4 e6 2. d4 d5 3. exd5 exd5 4. Nf3 Nc6 5. Bb5 Nf6 6. 0-0 Be7 7. Ne5 Bd7 8. Nxd7 Qxd7 9. c3 0-0-0 10. a4 a6 11. Bd3 h5 12. b4 Nb8 13. Qf3 g6 14. Nd2 Qg4 15. Re1 Rde8 16. Ba3 Nbd7 17. h3 Qh4 18. Bf1 Bd6 19. g3 Qg5 20. Rxe8+ Rxe8 21. Bc1 Qh6 22. Nc4 Qf8 23. Nxd6+ Qxd6 24. Bf4 Qe6 25. a5 Ne4 26. Bc1 Ndf6 27. b5 axb5 28. Bxb5 Rd8 29. a6 bxa6 30. Rxa6 Rd6 31. Rxd6 Nxd6 32. Bf1 Nfe4 33. Kg2 Kd7 34. Ba6 Qf5 35. Qe3 Qe6 36. Bf1 Ke8 37. f3 Nf6 38. Qh6 Qf5 39. Qh8+ Kd7 40. Bf4 Qc2+ 41. Kg1 Nde8 42. Qf8 Ke6 43. Qc5 Qd1 44. Bxc7 Qxf3 45. c4 Nxc7 46. Qxc7 Qe3+ 47. Kh2 Qxd4 48. cxd5+ Nxd5 49. Qc6+ Ke7 50. Qb7+ Kf8 51. Qa8+ Kg7 52. Qa2 Qe5 53. Qf2 h4 54. Ba6 Ne3 55. Bd3 Qd4 56. Qe2 g5 57. gxh4 gxh4 58. Ba6 Qf4+ 59. Kh1 Qg3 60. Bc8 f5 61. Bxf5 Nxf5 62. Qe7+ 1/2-1/2